| 000 | 00572nam a22001337a 4500 | ||
|---|---|---|---|
| 082 |
_a823 _bARC/H |
||
| 100 | _aARCHER, JEFFREY | ||
| 245 | _aHONOUR AMONG THIEVES | ||
| 260 |
_aLONDON _bPAN BOOK |
||
| 300 | _a478 | ||
| 520 | _aSynopsis for Honour Among Thieves By using $100 million as bait and spinning a deadly web of corruption, forgery, and terror, Saddam Hussein seeks to embarrass the U.S. with the ultimate revenge: to steal a treasured historical document and then destroy it before the world's media — on July 4, 1994. | ||
| 650 |
_aNOVEL _zLONDON |
||
| 942 | _cBK | ||
| 999 |
_c2269 _d2269 |
||